000 01350cam a2200361 i 4500
001 25854
003 Mx-PuUPA
005 20250818124426.0
008 140415s2015 mx gr 000 0 spa d
020 _a9786070270130
_qrústica
020 _a9786070269875
_qcolección rústica
040 _aMx-PuUPA
_bspa
_cMx-PuUPA
_dMx-PuUPA
_erda
041 0 _aspa
043 _an-mx---
245 0 0 _aInventario de México en 2015 /
_ccoordinadores, Julia Isabel Flores, Agustín Morales Mena
250 _aPrimera edición /
_bagosto
264 1 _aMéxico, D.F. :
_bUniversidad Nacional Autónoma de México,
_c2015
300 _a330 páginas ;
_c23 cm
336 _2rdacontent
_atexto
_btxt
337 _2rdamedia
_asin medio
_bn
338 _2rdacarrier
_avolumen
_bnc
490 0 _aLos mexicanos vistos por sí mismos. Los grandes temas nacionales ;
_v26
651 4 _aMéxico
_xCondiciones sociales
_ySiglo XXI
651 4 _aMéxico
_xCondiciones económicas
_ySiglo XXI
651 4 _aMéxico
_xPolítica y gobierno
_ySiglo XXI
700 1 _aFlores, Julia Isabel,
_ecoordinador
700 1 _aMorales Mena, Agustín,
_ecoordinador
942 _2ddc
_cLI
_h306.0970905
_iI62
999 _c25854
_d25854